000 01137nam a22003737a 4500
001 0026214
003 KOHA_MİRAKIL
005 20260207002521.0
007 ta
008 101216b2001 tu |||grd|||#0|||0|tur |
020 _a9755911952
_c6
040 _aTR-BiSEU
_btur
_cTR-BiSEU
_erda
041 0 _atur
044 _ctu
050 _aHB61
_b.M47 2001
100 1 _a Methibay, Yaşar.
245 1 _aİngilizce-Türkçe/Türkçe-İngilizce iktisadi ve idari bilimler (mesleki İngilizce) sözlüğü/
_cYaşar Methibay ; Yaşar Methibay.
250 _a1. bs.
264 1 _aAnkara :
_bNobel Yayın Dağıtım
_c2001
300 _a684 sayfa
336 _ametin
_btxt
_2rdacontent
337 _aaracısız
_bn
_2rdamedia
338 _acilt
_bnc
_2rdacarrier
490 0 _aYayın no.
490 0 _a216
650 0 _aEkonomi--Sözlükler.
_93453
650 0 _aEkonomi--Sözlükler--İngilizce.
_952205
650 0 _aTürk dili--Sözlükler--İngilizce.
_91708
650 0 _aİngiliz dili--Sözlükler--Türkçe.
_93194
830 0 _aYayın no.
_91619
830 0 _a216
_921762
907 _aSözlük
942 _2lcc
_cBK
999 _c26159
_d26159